Mala praxis de la ART (Registro nro. 18649)

Detalles MARC
000 -LEADER
fixed length control field 00294 a2200109 4500
001 - CONTROL NUMBER
control field ART_38970
005 - DATE AND TIME OF LATEST TRANSACTION
control field 20260410161740.0
008 - FIXED-LENGTH DATA ELEMENTS--GENERAL INFORMATION
fixed length control field 260409a
100 1# - MAIN ENTRY--PERSONAL NAME
Personal name Favier, Daniela
245 10 - TITLE STATEMENT
Title Mala praxis de la ART
773 0# - HOST ITEM ENTRY
Title Doctrina laboral
Related parts - Nº 342 (feb. 2014)
Record control number REV4049

No hay ítems disponibles.